000 01073nam a22002657a 4500
003 PE SENCICO BE
005 20251020182640.0
008 230711b |||||||| |||| 00| 0 eng d
040 _aPE SENCICO BE
_cPE SENCICO BE
041 _aspa
084 _aI
_aTOP
_a2015
_bM49
100 1 _91234
_aMeza Calderón, Samuel Pablo
_eautor
245 1 _aMétodos catastrales para la valuación de terrenos urbanos /
_cSamuel Pablo Meza Calderón
260 _aLima :
_c2015
300 _a64 h. :
_bil. col., diagrs. ;
_c29 cm.
502 _aMonografía de Titulación.-- Servicio Nacional de Capacitación para la Industria de la Construcción. Escuela Superior Técnica. Carrera Profesional Técnica en Topografía y Geodesía, 2015.
504 _aBibliografía: h. 56.
650 1 4 _94
_aTopografía
650 2 4 _91191
_aCatastro
650 2 4 _91235
_aMétodos topográficos
650 2 4 _91217
_aCatastro urbano
710 1 _aServicio Nacional de Capacitación para la Industria de la Construcción.
_bEscuela Superior Técnica
_91065
910 _bhfp
_chfp
942 _cMON
999 _c4243
_d4243